[Event "Astana"]
[Site "Astana"]
[Date "2001.05.20"]
[Round "1"]
[White "Morozevich, Alexander"]
[Black "Sadvakasov, Darmen"]
[Result "1-0"]
[WhiteElo "2749"]
[BlackElo "2585"]
[Annotator "Ftacnik,L"]
[PlyCount "55"]
[EventDate "2001.05.20"]
[EventType "tourn"]
[EventRounds "10"]
[EventCountry "KAZ"]
[EventCategory "20"]
[SourceTitle "CBM 084"]
[Source "ChessBase"]
[SourceDate "2001.09.13"]
[SourceVersion "1"]
[SourceVersionDate "2001.09.13"]
[SourceQuality "1"]

1. e4 c5 2. Nf3 d6 3. d4 cxd4 4. Nxd4 Nf6 5. Nc3 a6 6. f3 e5 7. Nb3 Be6 8. Be3
h5 9. Qd2 Nbd7 10. O-O-O Rc8 11. Kb1 Be7 12. h3 {Previously white players have
tried nearly esxclusively 12.Nd5, but white has a chance to generate some
attack without closure of the center. If black decides to prevent g pawn march
with h5-h4 he will have serious problem with castling.} (12. Bd3 b5 (12... Nc5
13. Nxc5 (13. Be2 Nxb3 14. cxb3 b5 15. h4 O-O 16. Bg5 b4 17. Na4 a5 18. Qe3 Rb8
{0-1 Tiviakov,S-Gallagher,J/Batumi/1999/ (56)}) 13... dxc5 14. Qe2 Qa5 15. Nd5
Nxd5 16. exd5 Bxd5 17. c4 Be6 18. Bd2 Qc7 19. Bc3 Bf6 20. Bc2 Ke7 21. g4 g6 {
0-1 Shabalov,A-Zhang Zhong/Seattle/2001/ (45)}) (12... O-O 13. f4 b5 14. h3 h4
15. g4 hxg3 16. Ne2 Nb6 17. Nxg3 Nc4 18. Qe2 Qc7 19. Bc1 d5 20. Rhg1 exf4 21.
exd5 Nxd5 22. Nh5 g5 23. Qe4 Na3+ 24. Ka1 Nxc2+ {1/2-1/2 Fleck,J-Schoenthier,F/
Germany/2000/ (24)}) (12... Qc7 13. f4 b5 14. Rhe1 O-O 15. h3 b4 16. Ne2 a5 17.
g4 a4 18. Nbc1 Nc5 19. Bxc5 dxc5 20. f5 c4 21. fxe6 fxe6 22. Ng3 cxd3 23. Nxd3
{1-0 Tiviakov,S-Ashley,M/Wijk aan Zee/2000/ (79)}) (12... Nb6 13. h4 Nc4 14.
Bxc4 Rxc4 15. Bg5 Rc6 16. Nd5 Bxd5 17. exd5 Rc8 18. Bxf6 Bxf6 19. Qb4 Qc7 20.
c3 O-O 21. g4 Qc4 {0-1 Ramesh,R-Rashkovsky,N/Biel/2000/ (50)}) 13. h3 h4 14. f4
Qc7 15. Rhe1 Nb6 16. Bxb6 Qxb6 17. Nd5 Qd8 18. c3 O-O 19. Bc2 Re8 20. Nxf6+
Bxf6 21. f5 Bxb3 22. Bxb3 Qa5 23. Rg1 Red8 24. g4 {1-0 Lutz,C-Ftacnik,L/GER/
2001/ (35)}) (12. Nd5) 12... Qc7 (12... b5 13. Be2 (13. Nd5 Bxd5 14. exd5 Nb6
15. Bxb6 Qxb6 16. f4 Nd7 17. Bd3 exf4 18. Qxf4 Ne5 19. Rhf1 Bf6 {0-1 Manotas,
F-Bolivar,J/Columbia 1999/ (32)}) (13. a3 Qc7 14. Be2 h4 15. f4 Qb8 16. f5 Bc4
17. Bf3 b4 18. axb4 Bxb3 19. cxb3 Qxb4 20. Nd5 Nxd5 21. Qxd5 O-O 22. Rc1 {
1-0 Bilic,I-Golubovic,B/Pula 2000/ (45)}) 13... h4 14. a4 b4 15. Na2 a5 16. Bb5
O-O 17. Nac1 Qc7 18. Qf2 Rb8 19. Qxh4 Rxb5 20. axb5 a4 21. Na1 a3 22. Qe1 axb2
23. Kxb2 d5 {0-1 Porubszky Angyalosine,M-Bacso,G/HUN 1993/ (38)}) 13. Bd3 b5 (
13... h4 $5) 14. g4 Nb6 (14... d5 $5 15. g5 d4 16. Nxd4 exd4 17. Bxd4 Nh7 18.
f4 O-O 19. Nd5 $13) 15. Bxb6 $1 {Important strategical motive, in the fight
for d5 white is ready to give up the valuable dark squared bishop.} Qxb6 16. g5
Nd7 17. Nd5 Bxd5 18. exd5 g6 (18... Nc5 19. f4 Nxd3 20. Qxd3 exf4 21. Qf5 $14)
19. Rhe1 Qc7 20. h4 (20. f4 $6 exf4 21. Qxf4 Ne5 22. Nd4 O-O 23. Nc6 Nxc6 24.
dxc6 d5 $11) 20... Nb6 (20... O-O 21. f4 Rfe8 22. f5 $40) 21. f4 exf4 $2 {
[%mdl 128] The opening of the center will have tragic consequences, Morozevich
would have to put more effort after the courageous 21...Nxd5.} (21... Nxd5 $5
22. f5 $1 (22. fxe5 dxe5 23. Bxg6 (23. Bxb5+ axb5 24. Qxd5 Qxc2+ 25. Ka1 O-O
26. Qxe5 Ra8 $17) (23. Qa5 O-O $15) 23... fxg6 24. Qxd5 Qxc2+ 25. Ka1 Rd8 26.
Qf3 Rxd1+ 27. Rxd1 e4 28. Qh1 $13) 22... Nf4 23. f6 Nxd3 24. Qxd3 (24. cxd3 Bd8
25. d4 O-O $13) 24... Bf8 25. Qe4 Qc6 (25... Qc4 26. Rd4 Qc6 27. Rd5) 26. Rd5
$14) 22. Qxf4 O-O (22... Nxd5 $2 23. Qd4 $18) 23. Nd4 Rfe8 (23... Nxd5 $2 24.
Qe4 Qb7 25. Qh1 $1 (25. Bf1 Rfe8 26. Bg2 Bxg5 27. Qxe8+ Rxe8 28. Rxe8+ Kh7 29.
hxg5 (29. Bxd5 Qxd5 30. hxg5 Qxg5 $13) 29... Nc3+ 30. bxc3 Qxg2 31. Re7 $14)
25... Nc3+ 26. bxc3 Qxh1 27. Rxh1 $18) 24. Nf5 $1 Bf8 (24... gxf5 25. Qxf5 Kf8
26. Qh7 $18) (24... Nxd5 25. Nh6+ Kh8 26. Qxf7 Nc3+ 27. Ka1 Rf8 28. Qxg6 Bxg5
29. Qxg5 Nxd1 30. Re7 $18) 25. Nh6+ Bxh6 (25... Kh7 26. Nxf7 Nxd5 27. Qf3 Kg7
28. Rxe8 Rxe8 29. Nh6 Qb7 30. Bxg6 Kxg6 31. a3 Bxh6 32. gxh6 Re5 33. Rg1+ Kxh6
34. Qf8+ $18) 26. gxh6 Kh7 (26... Nd7 27. h7+ Kg7 28. Bxg6 $1 fxg6 29. h8=Q+
Kxh8 30. Qh6+) 27. Qf6 Kxh6 28. Re6 $5 {Very effective, but this move is
probably not the strongest.} (28. Rxe8 Rxe8 29. Rg1 Rg8 30. Rg5 Qd8 (30... Qd7
31. Rxh5+ $18) 31. Qxf7 Qe8 32. Qxe8 Rxe8 33. Rxg6+ Kh7 34. Re6+ $18) (28. Re6
$5 Nxd5 (28... Rxe6 29. dxe6 Nc4 30. exf7 $18) 29. Qg5+ Kg7 30. Rxe8 (30. Rxg6+
fxg6 31. Qxg6+ Kf8 32. Rf1+ Ke7 33. Qg5+ Kd7 34. Qxd5 Re5 35. Bf5+ Ke7 36. Qg2
Rf8 $13) 30... Nc3+ (30... Rxe8 31. Qxd5 $18) 31. bxc3 Rxe8 $14 32. Rf1 $16) (
28. Rg1 $1 Rg8 29. Rg5 Qd8 30. Qxf7 Qe8 31. Qf6 Nc4 32. Rxh5+ Kxh5 33. Qg5#)
1-0

[Event "Moscow Aeroflot op-A"]
[Site "Moscow"]
[Date "2005.02.20"]
[Round "6"]
[White "Motylev, Alexander"]
[Black "Efimenko, Zahar"]
[Result "1-0"]
[WhiteElo "2665"]
[BlackElo "2601"]
[Annotator "Ftacnik,L"]
[PlyCount "85"]
[EventDate "2005.02.15"]
[EventType "swiss"]
[EventRounds "9"]
[EventCountry "RUS"]
[SourceTitle "CBM 106"]
[Source "ChessBase"]
[SourceDate "2005.06.06"]
[SourceVersion "1"]
[SourceVersionDate "2005.06.06"]
[SourceQuality "1"]

1. e4 c5 2. Nf3 d6 3. d4 cxd4 4. Nxd4 Nf6 5. Nc3 a6 6. f3 e5 7. Nb3 Be6 8. Be3
Nbd7 9. g4 Nb6 10. g5 Nh5 11. Qd2 Be7 12. O-O-O Rc8 13. Na5 $5 $146 {Motylev
is trying to confuse the opponent in a well known position with a witty new
move. The main motive after 9...Nb6 is usually the knight jump to c4 and it is
now seriously restricted.} (13. Rg1) (13. Kb1) 13... Qc7 14. h4 Ng3 (14... Nd7
$5 15. Nd5 (15. Nb3 Ng3 16. Rg1 Nxf1 17. Rgxf1 O-O 18. h5 $14) 15... Bxd5 16.
exd5 Ng3 17. Rg1 Nxf1 18. Rdxf1 Bd8 19. Nb3 Qc4 (19... a5 20. Kb1 a4 21. Nc1 a3
$13) 20. f4 Bb6 $13) 15. Rg1 Nxf1 16. Rgxf1 O-O $6 {In the future games black
will probably try to address the problem of the knight on a5 right away. White
will be able to claim distinct success in the fight for the opening advantage.}
(16... Nd7) 17. Kb1 Nd7 18. Nb3 b5 (18... a5 19. h5 Bc4 20. Rf2 a4 21. Nxa4 $14
) 19. f4 $1 {[%mdl 32] Stretegically very important motive. In the English
attack white are now often turning to the advance f3-f4 as it adds dynamic to
the position.} exf4 (19... b4 20. Nd5 (20. Ne2 f5 $15) 20... Bxd5 21. exd5 a5
22. fxe5 Nxe5 23. Nd4 $14) 20. Bxf4 Ne5 (20... b4 21. Nd5 Bxd5 22. exd5 a5 23.
h5 $14) 21. Nd5 Bxd5 22. exd5 Nc4 23. Qh2 Qd7 (23... a5 24. Nd4 a4 25. Nc6 $1
Rfe8 26. h5 $16) 24. h5 Bd8 (24... b4 25. Nd4 Rc5 26. Nc6 Re8 27. Bc1 $16) 25.
Nd4 Bb6 26. Bc1 {The priviledge of the very strong grandmasters are seemingly
surprizing solutions to the clear cut positions. Most mortals would not
hesitate long before jumping the knight to the covetted square c6.} (26. Nc6 $5
f5 (26... Be3 27. h6 $16) 27. g6 $16) 26... Bxd4 27. Rxd4 Rce8 (27... Qc7 28.
h6 $16) 28. h6 $1 g6 29. Qf4 Qe7 (29... f5 30. gxf6 Re5 31. Qh4 Nb6 32. Rfd1
Qf7 33. Bf4 $16) 30. b3 Nb6 (30... Ne3 $2 31. Re1 $18) 31. Ba3 Nc8 (31... Qe5
32. Bxd6 Qxf4 33. Bxf4 $18) 32. Bb2 {Motylev has achieved weakening of the
diagonal a1-h8 and it's complete control with the bishop.} Qe5 (32... Qe3 33.
Qf6 Qe5 34. Qg7+ Qxg7 35. hxg7 Kxg7 36. Ra4+ Kg8 37. Rxa6 $16) 33. Rb4 Qxf4 (
33... Qxd5 $4 34. Qf6 $18) 34. Rbxf4 f5 {In a difficult situation Efimenko is
not hiding behind dreams. The pawn sacrifice should somewhat alter the very
unfavourable development of the situation.} (34... Ne7 35. Bg7 Nxd5 36. R4f3
Ne3 37. Rg1 $16) (34... Re7 35. Bd4 Rfe8 36. c3 Re1+ 37. Kc2 Rxf1 38. Rxf1 $18)
35. gxf6 Kf7 36. a4 Nb6 (36... Na7 37. axb5 axb5 38. Rb4 $18) 37. axb5 Nxd5 (
37... axb5 38. Rb4 Nxd5 39. Rxb5 Nc7 40. Rb7 Rc8 41. Bd4 $18) 38. Ra4 $1 {
Thanks to the activity of his pieces white will be able to easily advance his
passed pawn.} axb5 (38... Ne3 39. Rf3 Nf5 40. bxa6 Re1+ 41. Ka2 $18) 39. Ra7+
Ke6 40. Re1+ Kf5 41. Rxe8 Rxe8 42. f7 Re1+ (42... Rc8 43. Bg7 $18) 43. Bc1 (43.
Bc1 Nc3+ 44. Kb2 Nd1+ 45. Ka3 $18) 1-0

[Event "RUS-ch U20"]
[Site "Nojabrsk"]
[Date "2005.03.09"]
[Round "8"]
[White "Kuznetsov, Viktor2"]
[Black "Alekseev, Evgeny V"]
[Result "0-1"]
[WhiteElo "2416"]
[BlackElo "2605"]
[Annotator "Ftacnik,L"]
[PlyCount "74"]
[EventDate "2005.03.02"]
[EventType "tourn"]
[EventRounds "11"]
[EventCountry "RUS"]
[EventCategory "11"]
[SourceTitle "CBM 106"]
[Source "ChessBase"]
[SourceDate "2005.06.06"]
[SourceVersion "1"]
[SourceVersionDate "2005.06.06"]
[SourceQuality "1"]

1. e4 c5 2. Nf3 d6 3. d4 cxd4 4. Nxd4 Nf6 5. Nc3 a6 6. Be3 e5 7. Nb3 Be6 8. f3
Be7 9. Qd2 O-O 10. O-O-O Nbd7 11. g4 Qc7 12. g5 Nh5 13. Nd5 Bxd5 14. exd5 Nb6
15. Na5 {The knight on a5 is a double edged sword. It limits the scope of
black's activity, but resides at the edge of the board and requires attention.}
(15. Kb1 Nc4 16. Bxc4 Qxc4 17. Rhg1 Qc7 18. Rg4 g6 19. Qa5 Rac8 20. Qxc7 Rxc7
21. Na5 f6 22. gxf6 Rxf6 23. Bb6 Rd7 24. Nc6 Rf8 {0-1 Feuerstack,A-Bekker
Jensen,S/Germany 2003/ (57)}) 15... Nf4 16. Bxf4 exf4 17. h4 (17. Qxf4 Rfe8 (
17... Nd7 18. Nb3 a5 19. Nd4 $16) 18. Bd3 g6 19. Be4 Bf8 $44) 17... Rfe8 18.
Qxf4 Bf8 19. h5 (19. Bd3 Re5 20. Nc4 Nxc4 21. Qxc4 Qxc4 22. Bxc4 Rae8 $14)
19... g6 20. hxg6 hxg6 21. Rh4 (21. Qh4 Bg7 22. Nb3 Rac8 23. Rh2 Nc4 $14) 21...
Bg7 22. Nc4 {Kuznetsov finds nothing better than exchange of the knights,
since otherwise of would be difficult for him to connect his rooks.} (22. Bh3
$2 Re2 23. Nc4 Na4 $17) 22... Nxc4 23. Bxc4 (23. Qxc4 Qb6 24. Qb3 Qxb3 25. axb3
Re3 $14) 23... Re5 24. Qh2 Rae8 (24... Rxg5 25. Rh1 Kf8 26. f4 Rf5 27. Rh8+
Bxh8 28. Qxh8+ Ke7 29. Re1+ Kd7 30. Qxa8 Qxc4 31. Qxb7+ $18) 25. f4 (25. Rh1 $2
Re1+ 26. Rxe1 Rxe1+ 27. Kd2 Qe7) 25... Re1 26. Bd3 (26. f5 gxf5 27. c3 b5 28.
Rxe1 Rxe1+ 29. Kd2 Qe7 30. Qg3 $11) 26... Qa5 $1 {Alekseev managed to avert
the danger along the h file, he even wins the pawn and begins with serious
counter attack.} 27. Qd2 (27. c3 $2 Bxc3 $1 28. bxc3 Qxc3+ 29. Qc2 Rxd1+ 30.
Kxd1 Re1#) 27... Rxd1+ 28. Kxd1 Qxa2 29. c3 Qa1+ (29... Qxd5 30. f5 gxf5 31.
Rf4 Be5 32. Rxf5 $11) 30. Kc2 Qa4+ 31. Kb1 (31. Kc1 b5 32. Bb1 Qc4) 31... b5
32. Rh1 b4 $5 33. cxb4 (33. c4 $2 b3 $19) 33... Qb3 (33... a5 34. Bc2 (34. bxa5
Rb8 $17) 34... Qb5 35. Re1 Rxe1+ 36. Qxe1 axb4 $11) 34. Bxa6 Qa4 35. Bb7 (35.
b5 $4 Qe4+ $19) 35... Re7 $2 (35... Rb8 36. Bc6 Qxb4 37. Qxb4 Rxb4 38. Re1
Rxb2+ $11) 36. Bc6 {Closer to the time trouble players are making serious
mistakes, both have missed white's potential check on c8.} (36. Qc1 $1 Qd7 37.
Qc8+ Qxc8 38. Bxc8 Re2 39. Ka2 $16) 36... Qb3 37. Qf2 $2 (37. Qc2 Qf3 38. Rd1
Qxf4 39. Bb5 Be5 $15) 37... Ra7 $1 (37... Ra7 $1 38. Qd2 (38. Rc1 Qa2+ 39. Kc2
Qxb2+ $19) 38... Qa2+ 39. Kc1 Qc4+ 40. Kb1 Qe4+ $19) 0-1

[Event "YUG-ch 56th"]
[Site "Herceg Novi"]
[Date "2001.03.24"]
[Round "2"]
[White "Kovacevic, Aleksandar"]
[Black "Tadic, Branko"]
[Result "1-0"]
[WhiteElo "2521"]
[BlackElo "2407"]
[Annotator "Ftacnik,L"]
[PlyCount "89"]
[EventDate "2001.03.23"]
[EventType "tourn"]
[EventRounds "15"]
[EventCountry "YUG"]
[EventCategory "10"]
[SourceTitle "CBM 083"]
[Source "ChessBase"]
[SourceDate "2001.07.05"]
[SourceVersion "1"]
[SourceVersionDate "2001.07.05"]
[SourceQuality "1"]

1. e4 c5 2. Nf3 d6 3. d4 cxd4 4. Nxd4 Nf6 5. Nc3 a6 6. Be3 e5 7. Nb3 Be6 8. f3
h5 9. Nd5 Bxd5 10. exd5 Nbd7 11. Qd2 Be7 {Unusual reaction to the white's plan
of an early jump 9.Nd5, in most cases the bishop strives for g7 square.} (11...
g6 12. Be2 (12. O-O-O Rc8 13. Kb1 Bg7 14. c4 O-O 15. Be2 Re8 16. Rc1 b6 17.
Rhf1 Nc5 18. Nxc5 bxc5 19. Bg5 Rb8 20. Rc2 e4 {0-1 Li Wenjun-Wu Shaobin/
Shenyang/1999/ (46)}) (12. Rd1 Bg7 13. Qb4 Qc7 14. Na5 O-O 15. Nc4 Ne8 16. Be2
b5 17. Na5 Qxc2 18. Rc1 Qa4 19. Qd2 Qxa2 20. O-O e4 21. Rc2 b4 22. Qxb4 Rb8 {
1-0 Damaso,R-Ubilava,E/Lisbon/1999/ (22)}) (12. Na5 Qc7 13. Be2 (13. c4 b6 14.
Nc6 Nb8 15. Nxb8 Qxb8 16. Be2 Bg7 17. O-O O-O 18. b4 Nd7 19. Rab1 {1/2-1/2
Gunnarsson,J-Shneider,A/Ohrid/2001/ (44)}) 13... Ng8 14. O-O Bh6 15. b4 Bxe3+
16. Qxe3 Ne7 17. c4 Nf5 18. Qf2 Nd4 19. Bd3 f5 20. f4 {1/2-1/2 Apicella,
M-Gerard,N/Saint Quentin/2001/ (27)}) 12... Ng8 (12... h4 13. Na5 Qc7 14. c4
Nh5 15. O-O-O Nf4 16. Bf1 h3 17. gxh3 Bh6 18. Kb1 Kf8 19. Nb3 Kg7 20. h4 Nh5
21. Bg5 {1-0 Bologan,V-Ashley,M/New York/2000/ (33)}) (12... Bg7 13. O-O O-O
14. Kh1 Rc8 15. c4 e4 16. f4 Ng4 17. Bxg4 hxg4 18. Rac1 Nf6 19. Nd4 g3 20. h3 {
1-0 Blimke,D-Grabarska,B/Brzeg Dolny/2000/ (37)}) 13. Qb4 (13. O-O-O a5 14. a4
Bg7 15. f4 Ngf6 16. fxe5 Nxe5 17. Bb5+ Nfd7 18. Rhf1 Qc7 19. Kb1 O-O 20. Bh6 {
1-0 Konguvel,P-Jaracz,P/Biel/2000/ (43)}) 13... Qc7 14. Na5 Bh6 15. Bf2 Ngf6
16. c4 O-O 17. O-O Rae8 18. Kh1 Bf4 19. Rad1 e4 20. Be1 {1/2-1/2 Tiviakov,
S-Tisdall,J/Jakarta/1997/ (40)}) (11... Qc7 12. c4 a5 13. a4 Nb6 14. c5 dxc5
15. Bb5+ Nbd7 16. d6 Qxd6 17. Nxa5 Qxd2+ 18. Bxd2 O-O-O 19. Nc4 {1-0 Krylov,
S-Palacios Perez,M/Brno/1998/ (31)}) (11... Rc8 12. Na5 Qc7 13. c4 Be7 14. Be2
e4 15. O-O-O Bd8 16. Nb3 O-O 17. Kb1 Qb8 18. fxe4 Nxe4 19. Qd3 Re8 20. Bd4 Nef6
{0-1 Konguvel,P-Pelletier,Y/Biel/2000/ (50)}) 12. Be2 g6 13. Na5 Qc8 (13... Qc7
14. c4 Bd8 15. b4 $14) 14. a4 O-O (14... Bd8 15. Nc4 Bc7 16. a5 $14) 15. Ra3 $5
Bd8 16. Nc4 Qb8 17. a5 e4 (17... b5 $2 18. axb6 Nxb6 19. Bxb6 Bxb6 20. Rb3 Nd7
21. Nxb6 Nxb6 22. Qa5 $18) 18. f4 Ne8 $2 (18... Re8 19. Rb3 $5 (19. O-O b5 20.
axb6 Nxb6 $132) 19... Nc5 20. Rb4 $14) 19. f5 $1 {[%mdl 128] Black pieces are
passive so white starts a kingside attack supported indirectly by Ra3.} Ng7 20.
O-O Bf6 (20... Nxf5 $2 21. Rxf5 $1 gxf5 22. Bd4 Ne5 23. Qh6 f4 24. Nxd6 $18)
21. g4 (21. fxg6 fxg6 22. Rf4 $16) 21... hxg4 22. Bxg4 Qc7 23. Nb6 (23. b3 Rae8
$14) 23... Nxb6 24. Bxb6 Qc4 (24... Qd7 25. Qh6 $18) 25. Be2 e3 (25... Qc8 26.
fxg6 fxg6 27. Rg3 $16) (25... Bg5 26. Qxg5 Qxe2 27. Rg3 $18) 26. Bxe3 (26. Rxe3
Qh4 27. fxg6 fxg6 28. Rg3 $18) 26... Qh4 27. Bf2 Qh7 (27... Qg5+ 28. Qxg5 Bxg5
29. fxg6 fxg6 30. Rg3 $18) 28. fxg6 fxg6 29. Bg4 (29. c4 Be5 $16) 29... Nh5 (
29... Bxb2 30. Rh3 Nh5 31. c3 $18) 30. Rh3 Be5 31. Kh1 (31. c3 Rf4 32. Qe2 $18)
31... Rf4 32. Rg1 Raf8 33. Be3 (33. Rxh5 $2 Rxf2 (33... gxh5 34. Bf5+ Kh8 35.
Qxf4 Rxf5 36. Qe3 $16) 34. Be6+ Kh8 35. Rxh7+ Kxh7 $11) 33... Rxg4 {An act of
desperation, it was more advisable to suffer without exchange sacrifice.} (
33... Rf1 34. Be6+ Kh8 35. Rxf1 Rxf1+ 36. Kg2 Rf8 37. c4 $18) 34. Rxg4 Rf5 (
34... Bxb2 35. c3 Ba3 36. Qg2 Rf6 37. Bd4 $18) 35. Qg2 Kf7 36. Rg5 Rf6 (36...
Rxg5 37. Qxg5 Bxb2 38. Qd8 Be5 39. Bg5 $18) 37. Qg4 Ke7 (37... Bxb2 38. Rhxh5
$1 gxh5 39. Qd7+ $18) 38. Rxe5+ dxe5 39. Bg5 Qf7 40. Qe6+ $1 Qxe6 41. dxe6 Kxe6
42. Bxf6 Nxf6 43. Rb3 e4 44. Rxb7 e3 45. Kg2 1-0

[Event "Groningen Harmonie"]
[Site "Groningen"]
[Date "2004.12.28"]
[Round "7"]
[White "Nijboer, Friso"]
[Black "Zhigalko, Andrey"]
[Result "1-0"]
[WhiteElo "2567"]
[BlackElo "2515"]
[Annotator "Ftacnik,L"]
[PlyCount "63"]
[EventDate "2004.12.21"]
[EventType "tourn"]
[EventRounds "9"]
[EventCountry "NED"]
[EventCategory "10"]
[SourceTitle "CBM 105"]
[Source "ChessBase"]
[SourceDate "2005.04.11"]
[SourceVersion "1"]
[SourceVersionDate "2005.04.11"]
[SourceQuality "1"]

1. e4 c5 2. Nf3 d6 3. d4 cxd4 4. Nxd4 Nf6 5. Nc3 a6 6. Be3 e5 7. Nb3 Be6 8. f3
Be7 9. Qd2 O-O 10. O-O-O Nbd7 11. g4 b5 12. g5 b4 13. Ne2 Ne8 14. Ng3 a5 15.
Kb1 Nc7 16. f4 a4 17. f5 {Nijboer would like to get rid of the excellent
bishop on the e6, but it is not easy to combine the idea with the defense of
the queenside.} (17. Nc1 exf4 18. Bxf4 Nc5 (18... b3 19. Nf5 bxc2+ 20. Qxc2
Bxf5 21. exf5 Nc5 22. f6 gxf6 23. gxf6 Bxf6 24. Rxd6 Qe7 25. Rg1+ Kh8 26. Qxc5
Rab8 27. Nd3 Rb5 28. Qc6 Bg7 29. Rxg7 {1-0 Lukin,A-Shashin,A/Leningrad 1975/})
19. Qe3 (19. Bxd6 Bxd6 20. Qxd6 Bg4 21. Be2 Bxe2 22. Ncxe2 Qxd6 23. Rxd6 N7e6
24. h4 b3 {Remiro Juste,F-Villuendas Valero,A/Zaragoza 2003/ 0-1 (39)}) 19...
Re8 20. h4 b3 21. cxb3 axb3 22. a3 Qb8 23. Nd3 Qb7 24. Rd2 Nb5 25. Nxc5 dxc5
26. Bxb5 Qxb5 27. Be5 {Alekseev,E-Smikovski,I/St Petersburg 2004/ 1/2-1/2 (35)}
) 17... axb3 18. cxb3 d5 (18... Nc5 $5 19. Qg2 (19. fxe6 N7xe6 20. h4 Qa5 21.
a3 Nxb3 22. Qd5 Nbc5 $17) 19... Bd7 20. f6 Kh8 (20... Re8 21. fxe7 Qxe7 22. Bc4
$13) 21. Nf5 gxf6 22. Nxe7 Qxe7 23. gxf6 Qxf6 24. Bxc5 dxc5 25. Rxd7 Qc6 26.
Rd2 Ne6 $15) 19. fxe6 d4 $2 {Zhigalko was unable to cope with a new situation
and his solution plays directly into white's hands.} (19... fxe6 20. exd5 exd5
21. Bg2 Ra5 22. g6 hxg6 23. Ne4 $13) 20. exf7+ Kh8 (20... Rxf7 $2 21. Bc4 $18)
21. g6 $1 hxg6 (21... dxe3 22. Qxd7 Ne6 23. Bc4 $18) 22. h4 (22. Qg2 Bh4 23.
Bc4 Qe7 24. Qh3 $18) 22... Ne6 (22... Rxf7 23. Bc4 dxe3 24. Qxd7 Rf2 25. h5 g5
26. h6 g6 27. Ne2 $18) 23. Bg5 {[%mdl 128] White makes no secrets about his
ambition to open up the h file.} Kh7 (23... Qa5 24. a4 Bf6 (24... Rxf7 25. h5
Kh7 26. Bxe7 Rxe7 27. hxg6+ Kxg6 28. Nf5 $18) 25. h5 Kh7 26. Bxf6 Nxf6 27. Bc4
$18) 24. Bc4 Nf4 (24... Ndc5 25. Rdf1 Bf6 26. Bd5 $18) 25. Bxf4 exf4 26. Qxf4
Bf6 (26... Qa5 27. h5 g5 28. Qf5+ Qxf5 29. Nxf5 $18) 27. e5 {Not bad, but the
first player might have tried for the unusual mating pattern with 27.h5!} (27.
h5 $1 g5 28. Qf5+ Kh8 29. Qg6 Ne5 30. h6 $1 Nxg6 31. hxg7+ Kxg7 32. Nf5#) 27...
Nxe5 (27... Bxe5 28. Qe4 Qa5 29. a4 (29. h5 Qxa2+ 30. Kc2 d3+ 31. Kd2 Qxb2+ 32.
Ke3 Bd4+ 33. Qxd4 Rae8+ 34. fxe8=Q Rxe8+ 35. Qe4 Rxe4+ 36. Nxe4) 29... Nf6 (
29... bxa3 30. h5 $18) 30. Qd3 Bxg3 31. Qxg3 $18) 28. Ne4 Kh8 (28... Nxf7 29.
h5 g5 30. Qf5+ Kh8 31. Bxf7 Rxf7 32. Qg6 Kg8 33. h6 $18) 29. Ng5 Qa5 30. a4
Nxc4 (30... bxa3 31. h5 $18) 31. h5 $1 {The main idea is on the board, black
is utterly lost under mating along the h file.} Qf5+ (31... Nd2+ 32. Rxd2 Qf5+
33. Rc2 $18) (31... Bxg5 32. hxg6+ Bh6 33. Rxh6+ gxh6 34. Qf6# (34. Qxh6#)) 32.
Ka1 1-0